US cities with a major league sports team (MLB, NFL, NBA, NHL) - Statistics

General Stats
  • This quiz has been taken 1,265 times
  • The average score is 33 of 42
Answer Stats
Hint Answer % Correct
Massachusetts Boston
98%
Texas Dallas
97%
Florida Miami
96%
Illinois Chicago
95%
Colorado Denver
95%
California Los Angeles
94%
Texas Houston
93%
Michigan Detroit
92%
Georgia Atlanta
88%
Pennsylvania Philadelphia
86%
Ohio Cleveland
85%
Arizona Phoenix
85%
California San Francisco
85%
Pennsylvania Pittsburgh
84%
Washington Seattle
84%
Missouri/Kansas Kansas City
83%
Florida Tampa Bay
83%
Minnesota Minneapolis
82%
Maryland Baltimore
81%
Nevada Las Vegas
79%
Lousiana New Orleans
79%
Indiana Indianapolis
77%
Tennessee Nashville
77%
New York New York City
76%
Oregon Portland
76%
New York Buffalo
74%
Oklahoma Oklahoma City
74%
Utah Salt Lake City
74%
Florida Jacksonville
73%
Florida Orlando
73%
Texas San Antonio
73%
California San Diego
73%
North Carolina Charlotte
70%
Wisconsin Green Bay
69%
Ohio Cincinnati
68%
Tennessee Memphis
67%
Wisconsin Milwaukee
67%
Ohio Columbus
64%
California Sacramento
63%
Maryland Washington D.C.
59%
North Carolina Raleigh
54%
Illinois/Missouri Saint Louis
42%
No matching quizzes found
Score Distribution
Percent of People with Each Score
Percentile by Number Answered
Your Score History
You have not taken this quiz